000 00449nam a2200157Ia 4500
008 210716s2016 xx 000 0 und d
020 _a9789352133901
041 _aeng
082 _a621.3821 MANJ
100 _aManning, Jon;Buttfield Addison, Paris.
245 _aSwift development for the apple watch.
250 _a1
260 _aNew Delhi
_bShroff Publishers and Distributors Pvt Ltd
_c2016
300 _aix,73
650 _aDigital Systems
999 _c195421
_d195421